书目信息 |
| 题名: |
电工材料
|
|
| 作者: | 赵松 编著 | |
| 分册: | ||
| 出版信息: | 北京 中国工业出版社 1961.06 |
|
| 页数: | 217页 | |
| 开本: | 20cm | |
| 丛书名: | ||
| 单 册: | ||
| 中图分类: | TM2 | |
| 科图分类: | ||
| 主题词: | 电工材料 | |
| 电子资源: | ||
| ISBN: | ||
| 000 | 00575nam0 2200217 450 | |
| 001 | 0654140234 | |
| 005 | 20061121150445.01 | |
| 010 | @dCNY0.75 | |
| 091 | @aK15165.478 | |
| 100 | @a20061121d1961 km y0chiy0120 ea | |
| 101 | 0 | @achi |
| 102 | @aCN@b110000 | |
| 200 | 1 | @a电工材料@Adian gong cai liao@f赵松编著@Fzhao song bian zhu |
| 210 | @a北京@c中国工业出版社@d1961.06@h1965.05 | |
| 215 | @a217页@d20cm | |
| 300 | @a中等专业学校教学用书 | |
| 606 | 0 | @a电工材料 |
| 690 | @aTM2@v3 | |
| 701 | 0 | @a赵松@Azhao song@4编著 |
| 801 | 0 | @aCN@bPFT@c20061121 |
| 905 | @a10447@dTM2@e2 | |
| 电工材料/赵松编著.-北京:中国工业出版社,1961.06(1965.05) |
| 217页;20cm |
| 中等专业学校教学用书 |
| ISBN :CNY0.75 |
| ● |
| 相关链接 |
|
|
|
|
正题名:电工材料
索取号:TM2/2
 
预约/预借
| 序号 | 登录号 | 条形码 | 馆藏地/架位号 | 状态 | 备注 |
| 1 | 0016127 | 001344398 | 第二样本阅览室/ [索取号:TM2/2] | 在馆 |